World at risk

Saved in:
Bibliographic Details
Main Author Beck, Ulrich, 1944-2015 (Author)
Other Authors Cronin, Ciaran 1961- (Translator)
Format Book
LanguageEnglish
Published Cambridge, UK ; Malden, MA : polity, [2009]
Subjects
ISBN978-0-7456-4201-7
Physical Descriptionviii, 269 stran : ilustrace ; 23 cm

Cover

LEADER 00000nam a2200000 i 4500
001 115634
003 CZ ZlUTB
005 20260512101525.0
007 ta
008 260511t20092009xxka f 001 0 eng d
020 |a 978-0-7456-4201-7  |q (brožováno) 
040 |a ZLD002  |b cze  |e rda 
041 1 |a eng  |h ger 
044 |a xxk  |a xxu 
045 |a y-y- 
072 7 |a 327  |x Mezinárodní vztahy, světová politika  |2 Konspekt  |9 15 
080 |a 502.22  |2 MRF 
080 |a 32  |2 MRF 
080 |a 327(100)  |2 MRF 
080 |a 316.423  |2 MRF 
080 |a (048.8)  |2 MRF 
100 1 |a Beck, Ulrich,  |d 1944-2015  |7 jn19990000572  |4 aut 
240 1 0 |a Weltrisikogesellschaft  |l Anglicky 
245 1 0 |a World at risk /  |c Ulrich Beck ; translated by Ciaran Cronin 
264 1 |a Cambridge, UK ;  |a Malden, MA :  |b polity,  |c [2009] 
264 4 |c ©2009 
300 |a viii, 269 stran :  |b ilustrace ;  |c 23 cm 
336 |a text  |b txt  |2 rdacontent 
337 |a bez média  |b n  |2 rdamedia 
338 |a svazek  |b nc  |2 rdacarrier 
504 |a Obsahuje bibliografii, bibliografické odkazy a rejstřík 
546 |a Přeloženo z němčiny 
648 7 |a 21. století  |7 ch460559  |2 czenas 
650 0 7 |a ekologie člověka  |7 ph114420  |x politické aspekty  |2 czenas 
650 0 7 |a světová politika  |7 ph126325  |2 czenas 
650 0 7 |a globální problémy  |7 ph114633  |2 czenas 
650 0 9 |a human ecology  |x political aspects  |2 eczenas 
650 0 9 |a world politics  |2 eczenas 
650 0 9 |a globální problémy  |2 eczenas 
655 7 |a studie  |7 fd133597  |2 czenas 
655 9 |a studies  |2 eczenas 
700 1 |a Cronin, Ciaran  |q (Ciaran P.),  |d 1961-  |7 jo2014810395  |4 trl 
910 |a ZLD002 
942 |2 udc 
952 |0 0  |1 0  |4 0  |5 0  |6 327BECKU  |7 0  |8 BOOK  |9 191107  |a UTBZL  |b UTBZL  |c 019  |d 2026-05-12  |l 0  |o 327/BECK,U.  |p 420010202074  |r 2026-05-12 10:16:22  |v 330.00  |w 2026-05-12  |x N:nákup  |y 08 
992 |a BK  |b SKNEW 
999 |c 115634  |d 115634